謎解きチャレンジ#3 - Statistics

General Stats
  • This quiz has been taken 42 times
  • The average score is 3 of 6
Answer Stats
Picture Answer % Correct
上昇
78%
意味
66%
フルスイング
50%
38%
巣鴨
25%
自信作
9%
No matching quizzes found
Score Distribution
Percent of People with Each Score
Percentile by Number Answered
Your Score History
You have not taken this quiz